Catalog

Record Details

Catalog Search



Paternitní proces Tesaře Josefa, aneb, Zaplaťpánbůh : komedie z roku Nula našeho letopočtu  Cover Image Book Book

Paternitní proces Tesaře Josefa, aneb, Zaplaťpánbůh : komedie z roku Nula našeho letopočtu / Ephraim Kishon ; [překlad Helena Šimáčková ; ilustrace Veronika Tydlitátová]

Record details

  • ISBN: 80-902628-5-6
  • ISBN: 80-902895-0-9
  • Physical Description: 111 s. : il. ; 21 cm
  • Edition: Vyd. 1.
  • Publisher: Praha : ASA : c2000

Content descriptions

General Note:
Světová premiéra se konala 11.listopadu 1998 v berlínském divadle "Die Tribüne". Představení v autorově režii dosáhlo sto dvaceti repríz
Překlad z němčiny
Subject: Bible. Evangelia
biblické příběhy
Bible stories > N.T
Israeli wit and humor
Genre: izraelská dramata

Available copies

  • 1 of 1 copy available at Common Catalog SPOK.

Holds

  • 0 current holds with 1 total copy.
Show Only Available Copies
Location Call Number / Copy Notes Barcode Shelving Location Status Due Date
The Jewish community of Prague K 2304 4638301464 K - Beletrie Available -

LDR 01525nam a2200385 a 4500
00153297
003CZ-PrJAB
00520010521000000.0
007tu
008010404s2000 xr a e 000 d cze
015 . ‡acnb000990507
020 . ‡a80-902628-5-6 ‡q(Malvern ; ‡qbrož.)
020 . ‡a80-902895-0-9 ‡q(ASA ; ‡qbrož.)
035 . ‡a(CZ PrNK)cpk20010990507
035 . ‡a(OCoLC)47950012
040 . ‡aABA001 ‡bcze
0411 . ‡acze ‡hger
072 7. ‡a821.41 ‡xAfroasijské (hamitosemitské) literatury ‡2Konspekt ‡925
080 . ‡a821.411.16-2 ‡2MRF
080 . ‡a225.045 ‡2MRF
1001 . ‡aKishon, Ephraim, ‡d1924-2005 ‡7jn20000603384 ‡4aut
24510. ‡aPaternitní proces Tesaře Josefa, aneb, Zaplaťpánbůh : ‡bkomedie z roku Nula našeho letopočtu / ‡cEphraim Kishon ; [překlad Helena Šimáčková ; ilustrace Veronika Tydlitátová]
250 . ‡aVyd. 1.
260 . ‡aPraha : ‡bASA : ‡bMalvern, ‡cc2000
300 . ‡a111 s. : ‡bil. ; ‡c21 cm
500 . ‡aSvětová premiéra se konala 11.listopadu 1998 v berlínském divadle "Die Tribüne". Představení v autorově režii dosáhlo sto dvaceti repríz
500 . ‡aPřeklad z němčiny
63007. ‡aBible. ‡pEvangelia ‡7unn2006374683 ‡2czenas
65007. ‡abiblické příběhy ‡7ph118858 ‡2czenas
65009. ‡aBible stories ‡xN.T ‡2eczenas
65009. ‡aIsraeli wit and humor ‡2eczenas
655 7. ‡aizraelská dramata ‡7fd509358 ‡2czenas
7001 . ‡aŠimáčková, Helena, ‡d1928-2019 ‡7jk01100159 ‡4trl
910 . ‡aABE461
995 . ‡aska
901 . ‡a53297 ‡bAUTOGEN ‡c53297 ‡tbiblio

Additional Resources